Nanny returns : (Record no. 10860)
[ view plain ]
| 000 -LEADER | |
|---|---|
| fixed length control field | 00497cam a2200181 a 4500 |
| 020 ## - ISBN | |
| International Standard Book Number | 9781416585671 |
| 020 ## - ISBN | |
| International Standard Book Number | 9781416585893 (ebk.) |
| 050 00 - LIBRARY OF CONGRESS CALL NUMBER | |
| Classification Number | PS 3613.C57 |
| Item Number | N37 2009 |
| 100 1# - MAIN ENTRY--Author | |
| Personal name | McLaughlin, Emma. |
| 245 10 - TITLE | |
| Title | Nanny returns : |
| Remainder of title | a novel / |
| Statement of responsibility, etc | Emma McLaughlin and Nicola Kraus. |
| 250 ## - EDITIONSTATEMENT | |
| Edition statement | 1st Atria Books hardcover ed. |
| 260 ## - PUBLICATION, DISTRIBUTION, ETC.(IMPRINT) | |
| Place of publication, distribution, etc | New York : |
| Name of publisher, distributor, etc | Atria Books, |
| Date of publication, distribution, etc | 2009. |
| 300 ## - PHYSICAL DESCRIPTION | |
| Extent | 305 p. ; |
| 650 #0 - SUBJECT--TOPIC | |
| Form subdivision | Fiction. |
| 650 #0 - SUBJECT--TOPIC | |
| Form subdivision | Fiction. |
| 700 1# - ADDED ENTRY--PERSONAL AUTHOR | |
| Personal Name | Kraus, Nicola. |
| 942 ## - ADDED ENTRY ELEMENTS(KOHA) | |
| Source of classification or shelving scheme | Library of Congress Classification |
| Koha item type | General circulation |
| Source of classification or shelving scheme | Not for loan | Location (home branch) | Sublocation (holding branch) | Shelving location | Date accessioned | Full call number | Barcode | Koha item type | Public note |
|---|---|---|---|---|---|---|---|---|---|
| Library of Congress Classification | Mtito Andei Centre Library | Mtito Andei Centre Library | 11/02/2016 | PS 3613.C57 N37 2009 | 2016/014529 | General circulation | em |